<?xml version="1.0" encoding="UTF-8"?>
<collection xmlns="http://www.loc.gov/MARC21/slim">
 <record>
  <leader>01859nam a2200265 a 4500</leader>
  <controlfield tag="001">TVCDKTCT5304</controlfield>
  <controlfield tag="003">Thư viện trường Cao đẳng Kỹ thuật Cao Thắng</controlfield>
  <controlfield tag="005">20170524075351.2</controlfield>
  <controlfield tag="008">060512</controlfield>
  <datafield tag="980" ind1="\" ind2="\">
   <subfield code="a">Thư viện Trường CĐ Kỹ Thuật Cao Thắng</subfield>
  </datafield>
  <datafield tag="024" ind1=" " ind2=" ">
   <subfield code="a">RG_1 #1 eb0 i1</subfield>
  </datafield>
  <datafield tag="041" ind1="0" ind2="#">
   <subfield code="a">vie</subfield>
  </datafield>
  <datafield tag="082" ind1="#" ind2="#">
   <subfield code="a">005 / </subfield>
   <subfield code="b">L250Đ-t</subfield>
  </datafield>
  <datafield tag="100" ind1="1" ind2="#">
   <subfield code="a">Phạm Hồng Tài</subfield>
  </datafield>
  <datafield tag="245" ind1="0" ind2="0">
   <subfield code="a">Thủ thuật Excel 97-2000-2002 / </subfield>
   <subfield code="c">Phạm Hồng Tài, Lê Xuân Đồng</subfield>
  </datafield>
  <datafield tag="250" ind1="#" ind2="#">
   <subfield code="a">In lần thứ 1</subfield>
  </datafield>
  <datafield tag="260" ind1="#" ind2="#">
   <subfield code="a">H. : </subfield>
   <subfield code="b">Thanh Niên , </subfield>
   <subfield code="c">2001</subfield>
  </datafield>
  <datafield tag="300" ind1="#" ind2="#">
   <subfield code="a">350tr. ; </subfield>
   <subfield code="c">22cm</subfield>
  </datafield>
  <datafield tag="520" ind1="#" ind2="#">
   <subfield code="a">&quot;Thủ thuật Excel 97-2000-2002&quot; được viết cho những người muốn khai thác, nắm bắt các kỹ thuật mạnh nhất, mới nhất của Excel trong phiên bản 97,2000 và 2002 bằng những thủ thuật tinh tế nhất. Nội dung cuốn sách tập trung vào các vấn đề thiết yếu từ việc làm việc với các bảng tính độc lập như cách tạo dữ liệu, định dạng dữ liệu, tạo các biểu đồ...đến việc làm việc trên một môi trường lớn, phù hợp với xu hướng phát triển của tương lai đó là làm việc với cơ sở dữ liệu phân tán. Bạn có thể dùng Excel để trao đổi dữ liệu với các hệ quản trị cơ sở dữ liệu, với mạng Internet thông qua các tính năng mới như công nghệ XML, Web query...</subfield>
  </datafield>
  <datafield tag="650" ind1="#" ind2="4">
   <subfield code="a">Excel--2000</subfield>
  </datafield>
  <datafield tag="650" ind1="#" ind2="4">
   <subfield code="a">Excel--2002</subfield>
  </datafield>
  <datafield tag="650" ind1="#" ind2="4">
   <subfield code="a">Excel--97</subfield>
  </datafield>
  <datafield tag="700" ind1="0" ind2="#">
   <subfield code="a">Lê Xuân Đồng</subfield>
  </datafield>
  <datafield tag="721" ind1="#" ind2="#">
   <subfield code="a">Công nghệ thông tin</subfield>
  </datafield>
  <datafield tag="841" ind1="#" ind2="#">
   <subfield code="b">Kho Sách </subfield>
   <subfield code="j">100017369, 100017370, 100023926, 100023933</subfield>
  </datafield>
 </record>
</collection>
